European SMEs’ Value Management Based on Controlling, Financial Analysis and Ratios – Empirical Study

Uplatnenie moderného kontrolingu na riadenie rastu hodnoty SMEs pomocou nástrojov a ukazovateľov finančnej analýzy. Použitie štatistickej analýzy.

Na minha lista:
Detalhes bibliográficos
Autor principal: Písař, Přemysl
Formato: Capítulo de Livro
Idioma:inglês
Assuntos:
Tags: Adicionar Tag
Sem tags, seja o primeiro a adicionar uma tag!

MARC

LEADER 00000naa a2200000 4500
001 0262139
005 20200204093745.6
041 0 |a eng 
044 |a UA 
245 1 0 |a European SMEs’ Value Management Based on Controlling, Financial Analysis and Ratios – Empirical Study  |c Přemysl Písař 
520 |a Uplatnenie moderného kontrolingu na riadenie rastu hodnoty SMEs pomocou nástrojov a ukazovateľov finančnej analýzy. Použitie štatistickej analýzy. 
610 2 0 |a analýza finančná 
610 2 0 |a analýza štatistická 
610 2 0 |a manažment značky 
610 2 0 |a podnik 
100 1 |a Písař, Přemysl